| 000 | 00867nam a22002297a 4500 | ||
|---|---|---|---|
| 005 | 20220425101230.0 | ||
| 008 | 220408t2021 sp a|||g |||| 001 0 spa d | ||
| 020 | _a9788413114545 | ||
| 040 |
_aCO-BoUCM _cDaniela Zuluaga _dDaniela Zuluaga |
||
| 041 | 0 | _aspa | |
| 100 |
_aMato de la Iglesia, Salustiano _9174152 |
||
| 245 |
_aNuevo modelo conceptual de transferencia del conocimiento _cSalustiano Mato de la Iglesia |
||
| 260 |
_aSalamanca _bUniversidad de Salamanca _c2021 |
||
| 300 |
_a153 páginas _bilustraciones |
||
| 490 |
_aLa Universidad del siglo XXI _v3 |
||
| 504 | _aIncluye referencias bibliográficas e índices | ||
| 650 | 1 | 7 |
_916418 _aGestión del conocimiento |
| 650 | 1 | 7 |
_98585 _aAdministración del conocimiento |
| 650 | 1 | 7 |
_9177 _aEducación superior |
| 942 |
_2DEWEY _a10 _cLIBRO _e1 _h378 _mM433n _n0 |
||
| 999 |
_c320917 _d320917 |
||